Представление документа в формате MARC21

Поле Инд. ПП Название Значение
Тип записи a
Библиографический уровень m
001 Контрольный номер 62405d05c51b401d80f32ce7fe77efa1
005 Дата корректировки 20250417124619.7
020 a ISBN 978-5-00208-105-9
080 a Индекс УДК 658.8(075.8)
080 a Индекс УДК 33(075.8)
084 a Индекс другой классификации/Индекс ББК У291.31я7
090 a Полочн. индекс У2
x Авторский знак К 70
097 b Оператор *Ст*
097 b Оператор *Мал*
100 1_ a Автор Корякина Т.В.
245 10 a Заглавие Маркетинговые исследования
b Продолж. заглавия рабочая тетрадь по дисциплине для студентов бакалавриата, обучающихся по направлению подготовки 38.03.01 "Экономика", 38.03.02 "Менеджмент"
c Ответственность Финансовый университет при Правительстве Российской Федерации, Липецкий филиал
260 a Место издания Москва
c Дата издания 2024
b Издательство Ритм
300 a Объем 79 с.
516 8_ a Прим. о типе комп. файла/ данных Текст : непосредственный
520 0_ a Аннотация Рабочая тетрадь включает в себя теоретический и практический материал, тестовые задания. Все перечисленное помогае студентам - закрепить теоретические знания практическими упражнениями, которые взяты из реальной отечественной и зарубежной бизнес-практики.
653 0_ a Ключевые слова Маркетинг
a Ключевые слова Исследования
a Ключевые слова Экономика
655 a Жанр/ форма (устаревшее) *У*
700 12 a Другие авторы Кадильникова Л.В.
700 12 a Другие авторы Решетникова Е.В.
901 t Тип документа m
905 b Дата создания записи обработка 17.04.25
952 e Факультет *ФУСК*
a Тип литературы для КСУ ВШ *У2*
990 h N записи в КСУ для Б/У (DOS) 52/2024
990 f Даты поступлений (DOS) 23.10.24
g Размещение заказа (DOS) пожертвование православного Прихода Успенского
j Количество экземпляров (DOS) 1